[Event "CZE-ch02 final email "]
[Site "Czechia"]
[Date "2003.??.??"]
[Round "?"]
[White "Firla, Stanislav"]
[Black "Brousek, Jiri"]
[Result "1-0"]
[WhiteElo "2344"]
[BlackElo "2361"]
[PlyCount "87"]
[EventDate "2004.??.??"]
[EventType "tourn (corr)"]
[EventRounds "16"]
[EventCountry "CZE"]
[EventCategory "3"]
[SourceTitle "Corr 2006"]
[Source "ChessBase"]
[SourceDate "2006.04.01"]
[SourceVersion "3"]
[SourceVersionDate "2006.04.01"]
[SourceQuality "1"]

1. e4 e6 2. d4 d5 3. Nc3 dxe4 4. Nxe4 Bd7 5. Nf3 Bc6 6. Bd3 Nd7 7. 0-0 Ngf6 8. Neg5 Bd6 9. Re1 h6 10. Nh3 Bxf3 11. Qxf3 c6 12. Nf4 Qa5 13. c3 0-0-0 14. b4 Qc7 15. b5 c5 16. g3 g5 17. b6 axb6 18. Ng2 cxd4 19. cxd4 Bb4 20. Bb2 Bxe1 21. Rc1 Qxc1 22. Bxc1 Bc3 23. Be3 Rdf8 24. Bc4 b5 25. Bxb5 Nd5 26. Bc1 Bxd4 27. Bxd7+ Kxd7 28. Ba3 Re8 29. Qxf7+ Kc6 30. Ne1 b6 31. Nd3 Rhg8 32. Qh7 Ra8 33. Qxh6 Kd7 34. Bc1 Ne7 35. Qh5 Ra5 36. Qg4 Nc6 37. h4 Rxa2 38. Bxg5 Rf8 39. Kg2 b5 40. Qd1 Ra1 41. Qe2 b4 42. Be3 Bxe3 43. Qxe3 Ra5 44. Nc5+ 1-0

[Event "CZE-ch02 final email "]
[Site "Czechia"]
[Date "2003.??.??"]
[Round "?"]
[White "Pytlik, Leszek"]
[Black "Firla, Stanislav"]
[Result "1/2-1/2"]
[WhiteElo "2316"]
[BlackElo "2344"]
[PlyCount "69"]
[EventDate "2004.??.??"]
[EventType "tourn (corr)"]
[EventRounds "16"]
[EventCountry "CZE"]
[EventCategory "3"]
[SourceTitle "Corr 2006"]
[Source "ChessBase"]
[SourceDate "2006.04.01"]
[SourceVersion "3"]
[SourceVersionDate "2006.04.01"]
[SourceQuality "1"]

1. e4 e5 2. Nf3 Nc6 3. d4 exd4 4. Nxd4 Bb4+ 5. c3 Bc5 6. Nxc6 bxc6 7. Bd3 Ne7 8. Nd2 Ng6 9. 0-0 0-0 10. Nb3 Bb6 11. Nd4 Qf6 12. Be3 Bb7 13. Re1 Ne5 14. Nf3 Nxd3 15. Qxd3 d6 16. a4 Bxe3 17. Rxe3 c5 18. Rae1 a6 19. e5 Qf4 20. exd6 cxd6 21. b3 Rfd8 22. Nd2 d5 23. Nc4 Rab8 24. Na5 Qc7 25. b4 cxb4 26. cxb4 Qb6 27. Nxb7 Qxb7 28. b5 axb5 29. axb5 h6 30. Rb1 d4 31. Re5 Qc7 32. Re2 Qc3 33. Rd2 Qxd3 34. Rxd3 Rb6 35. Rb4 1/2-1/2